| 000 | 00452 a2200157 4500 | ||
|---|---|---|---|
| 999 |
_c26551 _d26551 |
||
| 008 | 230630b ||||| |||| 00| 0 eng d | ||
| 020 |
_a9780990637455 _cRs1600.00 |
||
| 041 | 0 | _aeng | |
| 082 | 0 | 0 |
_a658.4038 _bJ333 |
| 100 | _aJane, Sandhya | ||
| 245 |
_aBusiness Analysis : The question and answer book / _cSandhya Jane |
||
| 260 |
_a[S.l.] : _bAnisan _cc2018. |
||
| 300 |
_a311 p. : _bill. ; _c23 cm. |
||
| 650 | 0 | _aBusiness analysis | |
| 942 |
_2ddc _cBK |
||